Extreme Demon - Sudden Death - Statistics

General Stats
  • This quiz has been taken 79 times
  • The average score is 11 of 15
Answers on the Grid
Answers color-coded by a green-red scale on the quiz's grid according to % correct below.
Bloodbath
Bloodlust
Ice Carbon Diablo X
Cataclysm
Acropolis
Stalemate
Fexty
Supersonic
Yatagarasu
Athanatos
Poltergeist
Sonic Wave
Down Bass
CYCLOLCYC
Kenos
Red World
Stereo Demoness
Devil Vortex
8o
Ultimate Demon Mix
Nine Circles
Forsaken Neon
Sakupen Hell
Black Blizzard
Forest Temple
Back On Track
Dark Odyssey
Windy Landscape
HyperSonic
Time Shrine
 
Answer Stats
Answer % Correct
Bloodbath
100%
Bloodlust
94%
Cataclysm
88%
Yatagarasu
82%
Fexty
71%
Kenos
71%
Sakupen Hell
71%
Sonic Wave
71%
Athanatos
65%
Black Blizzard
65%
Dark Odyssey
65%
Red World
65%
Devil Vortex
59%
Down Bass
59%
HyperSonic
59%
No matching quizzes found
Score Distribution
Percent of People with Each Score
Percentile by Number Answered
Your Score History
You have not taken this quiz